Flags of Countries That Border Austria - Statistics

General Stats
  • This quiz has been taken 3,613 times
  • The average score is 8 of 8
Answer Stats
Flag Country % Correct
Germany
100%
Switzerland
100%
Czech Republic
98%
Italy
97%
Hungary
96%
Slovakia
94%
Slovenia
94%
Liechtenstein
91%
No matching quizzes found
Score Distribution
Percent of People with Each Score
Percentile by Number Answered
Your Score History
You have not taken this quiz